Tableau des altitudes observées en Espagne / (Record no. 42513)

MARC details
000 -LEADER
campo de control de longitud fija 00938nam a2200193 i 4500
001 - NÚMERO DE CONTROL
campo de control 42513
003 - IDENTIFICADOR DE NÚMERO DE CONTROL
campo de control ES-MaACL
005 - FECHA Y HORA DE LA ÚLTIMA TRANSACCIÓN
campo de control 20250818063038.0
007 - CAMPO FIJO DE DESCRIPCIÓN FÍSICA--INFORMACIÓN GENERAL
campo de control de longitud fija t|
008 - DATOS DE LONGITUD FIJA--INFORMACIÓN GENERAL
campo de control de longitud fija 030403s1854 fr ||||1| fre d
100 1# - ENTRADA PRINCIPAL--NOMBRE DE PERSONA
Nombre de persona Verneuil, Édouard de,
Fechas asociadas al nombre 1805-1873
9 (RLIN) 114176
245 10 - MENCIÓN DEL TÍTULO
Título Tableau des altitudes observées en Espagne /
Mención de responsabilidad, etc. par MM. de Verneuil et de Lorière pendant l'été de 1853 accompagné d'un rapide aperçu de leur voyage.
260 ## - PUBLICACIÓN, DISTRIBUCIÓN, ETC.
Lugar de publicación, distribución, etc. Paris :
Nombre del editor, distribuidor, etc. [s.n.],
Fecha de publicación, distribución, etc. 1854 (
Fabricante Impr. de L. Martinet)
300 ## - DESCRIPCIÓN FÍSICA
Extensión 55 p. ;
Dimensiones 21 cm.
500 ## - NOTA GENERAL
Nota general Extrait du Bulletin de la Société Géologique de France, 2e série, t.XI, p. 664, séance du 26 juin 1854.
700 1# - ENTRADA AGREGADA--NOMBRE PERSONAL
Nombre de persona Lorière, Gustav de.
9 (RLIN) 74210
852 ## - LOCALIZACIÓN
Ubicación ES-MaACL
Número de control de estantería B-8308(2)
Nota libre .- Legado de Federico de Botella y de Hornos
Holdings
Estatus retirado Estado de pérdida Estado de daño No para préstamo Colección Biblioteca de origen Biblioteca actual Ubicación en estantería Fecha de adquisición Fuente de adquisición Total de préstamos Signatura topográfica completa Código de barras Visto por última vez Precio de reemplazo Tipo de ítem Koha
        Libros del s. XIX Biblioteca del Ateneo de Madrid Biblioteca del Ateneo de Madrid Sala Pardo Bazán 17/01/2008     B-8308(2) 1044754 23/02/2023 23/02/2023 Libro impreso antiguo